000 00417nam a2200121Ia 4500
008 220214s9999 xx 000 0 und d
100 _aMenachery
245 0 _aStudies on the utilisation of rubber (Hevea brasiliensis) seed cake as an ingredient in concentrate ration for dairy cows
260 _bIndian Journal of Nutrition and Dietetics
_c1978
300 _a350-355
700 _aAnanthasubramaniam CR
942 _cRE
999 _c45712
_d45712